书目信息 |
| 题名: |
脑科学的故事
|
|
| 作者: | 顾凡及 编著 | |
| 分册: | ||
| 出版信息: | 上海 上海科学技术出版社 2024.08 |
|
| 页数: | XII, 326页 | |
| 开本: | 23cm | |
| 丛书名: | ||
| 单 册: | ||
| 中图分类: | R338.2 | |
| 科图分类: | ||
| 主题词: | 脑科学--nao ke xue--普及读物 | |
| 电子资源: | ||
| ISBN: | 978-7-5478-6705-1 | |
| 000 | 01170nam0 2200301 450 | |
| 001 | 94438 | |
| 005 | 20250820143653.71 | |
| 010 | @a978-7-5478-6705-1@dCNY98.00 | |
| 099 | @aCAL 012024100995 | |
| 100 | @a20240927d2024 em y0chiy50 ea | |
| 101 | 0 | @achi |
| 102 | @aCN@b310000 | |
| 105 | @aa z 000yy | |
| 106 | @ar | |
| 200 | 1 | @a脑科学的故事@Anao ke xue de gu shi@f顾凡及编著 |
| 205 | @a第3版 | |
| 210 | @a上海@c上海科学技术出版社@d2024.08 | |
| 215 | @aXII, 326页@c图 (部分彩图)@d23cm | |
| 300 | @a世纪出版 | |
| 312 | @a英文题名取自封面 | |
| 314 | @a顾凡及, 复旦大学生命科学学院退休教授, 长期从事计算神经科学研究。 | |
| 330 | @a本书中不仅涵盖了从神经元到大脑复杂功能的科学研究历程, 还详细解读了脑科学领域的最新科研成果, 如脑机接口、智能机器等, 让读者能够紧跟科学前沿。同时, 顾凡及教授以其独特的视角, 生动地讲述了科学家们在探索脑科学奥秘过程中的精彩故事, 使读者在领略科学魅力的同时, 也能感受到科学家们的探索精神和不懈追求。 | |
| 510 | 1 | @aStory of brain science@zeng |
| 606 | 0 | @a脑科学@Anao ke xue@j普及读物 |
| 690 | @aR338.2@v5 | |
| 701 | 0 | @a顾凡及@Agu fan ji@4编著 |
| 801 | 0 | @aCN@c20250909 |
| 905 | @a河南城建学院图书馆@dR338.2@eG480=3@f3 | |
| 脑科学的故事/顾凡及编著.-第3版.-上海:上海科学技术出版社,2024.08 |
| XII, 326页:图 (部分彩图);23cm |
| 世纪出版 |
| ISBN 978-7-5478-6705-1:CNY98.00 |
| 本书中不仅涵盖了从神经元到大脑复杂功能的科学研究历程, 还详细解读了脑科学领域的最新科研成果, 如脑机接口、智能机器等, 让读者能够紧跟科学前沿。同时, 顾凡及教授以其独特的视角, 生动地讲述了科学家们在探索脑科学奥秘过程中的精彩故事, 使读者在领略科学魅力的同时, 也能感受到科学家们的探索精神和不懈追求。 |
| ● |
| 相关链接 |
|
|
|
正题名:脑科学的故事
索取号:R338.2/G480=3
 
预约/预借
| 序号 | 登录号 | 条形码 | 馆藏地/架位号 | 状态 | 备注 |
| 1 | 1628490 | 216284900 | 自科库401/401自科库 14排3列3层/ [索取号:R338.2/G480=3] | 在馆 | |
| 2 | 1628491 | 216284919 | 自科库401/401自科库 14排3列3层/ [索取号:R338.2/G480=3] | 在馆 | |
| 3 | 1628492 | 216284928 | 自科库401/401自科库 14排3列3层/ [索取号:R338.2/G480=3] | 在馆 |